|
|
|
|
| LEADER |
00000nam0a2200000 4500 |
| 001 |
374112 |
| 005 |
20231102012626.0 |
| 010 |
|
|
|a 5120016413
|
| 020 |
|
|
|a RU
|b 90-32223
|
| 035 |
|
|
|a (RuTPU)RU\TPU\retro\31546
|
| 035 |
|
|
|a RU\TPU\book\249753
|
| 090 |
|
|
|a 374112
|
| 100 |
|
|
|a 20221216d1990 k y0rusy5003 ca
|
| 101 |
0 |
|
|a rus
|
| 102 |
|
|
|a UA
|
| 105 |
|
|
|a a z 001zy
|
| 200 |
1 |
|
|a Резонансные зарядные устройства генераторов импульсных токов
|f Л. Н. Мирошниченко, В. С. Блинцов, Ю. И. Касьянов
|g Академия наук Украинской ССР, Проектно-конструкторское бюро электрогидравлики
|
| 210 |
|
|
|a Киев
|c Наукова думка
|d 1990
|
| 215 |
|
|
|a 116 с.
|c ил.
|d 20 см
|
| 320 |
|
|
|a Библиогр.: с. 112-114 (56 назв.).
|
| 606 |
1 |
|
|a Генераторы импульсные высоковольтные
|2 stltpush
|3 (RuTPU)RU\TPU\subj\5700
|9 33708
|
| 610 |
1 |
|
|a зарядные устройства
|
| 610 |
1 |
|
|a зарядка
|
| 610 |
1 |
|
|a электрогидравлические установки
|
| 610 |
1 |
|
|a электропитание
|
| 675 |
|
|
|a 621.373.14
|z rus
|v 3
|
| 700 |
|
1 |
|a Мирошниченко
|b Л. Н.
|g Людмила Николаевна
|4 070
|
| 701 |
|
1 |
|a Блинцов
|b В. С.
|g Владимир Степанович
|
| 701 |
|
1 |
|a Касьянов
|b Ю. И.
|g Юрий Иванович
|
| 712 |
0 |
2 |
|a Академия наук Украинской ССР
|b Проектно-конструкторское бюро электрогидравлики
|2 stltpush
|3 (RuTPU)RU\TPU\col\12258
|9 25364
|
| 801 |
|
0 |
|a RU
|b RuMRKP
|c 19950417
|g psbo
|
| 801 |
|
1 |
|a RU
|b 63413507
|c 20121227
|
| 801 |
|
2 |
|a RU
|b 63413507
|c 20221216
|g RCR
|
| 942 |
|
|
|c BK
|